Speech of Edward Stanly, of N. Carolina, exposing the causes of the slavery agitation : delivered in the House of Representatives, March 6, 1850.

Bibliographic Details
Main Author: Stanly, Edward, 1810-1872 (Author)
Format: eBook
Language:English
Published: Washington : Gideon and Company, printers, [1850]
Series:Slavery in America and the world: history, culture & law.
Subjects:
Online Access:Connect to the full text of this electronic book

MARC

Tag First Indicator Second Indicator Subfields
LEADER 00000cam a2200000 i 4500
001 in00004408913
005 20210123193907.0
006 m fo d
007 cr bn nnnauuuu
008 181015s1850 dcu o 000 0 eng d
035 |a ccn00858719 
040 |a NjRocCCS  |b eng  |e rda  |c NjRocCCS 
043 |a n-us--- 
050 4 |a E423  |b .S73 1850 
100 1 |a Stanly, Edward,  |d 1810-1872,  |e author. 
245 1 0 |a Speech of Edward Stanly, of N. Carolina, exposing the causes of the slavery agitation :  |b delivered in the House of Representatives, March 6, 1850. 
246 3 |a Speech of Edward Stanly, of North Carolina, exposing the causes of the slavery agitation 
264 1 |a Washington :  |b Gideon and Company, printers,  |c [1850] 
264 2 |a [Getzville, New York] :  |b William S. Hein and Company,  |c [2018] 
300 |a 1 online resource (16 pages). 
336 |a text  |b txt  |2 rdacontent 
337 |a computer  |b c  |2 rdamedia 
338 |a online resource  |b cr  |2 rdacarrier 
490 1 |a HeinOnline slavery in America and the world: history, culture & law 
588 |a Description based on PDF caption title, viewed October 15, 2018. 
500 |a Printed in double columns. 
650 0 |a Slavery  |z United States  |v Speeches in Congress. 
655 7 |a Electronic books.  |2 local 
830 0 |a Slavery in America and the world: history, culture & law. 
856 4 0 |u http://proxy.library.tamu.edu/login?url=https://www.heinonline.org/HOL/Page?handle=hein.slavery/sesncex0001&id=1&size=2&collection=slavery&index=slavery  |z Connect to the full text of this electronic book  |t 0 
949 |a E 423 .S73 1850  |w LC  |c 1  |i 858719-1001  |d 10/16/2018  |l MAIN  |m HEN  |q 1  |r Y  |s Y  |t WEB  |u 10/15/2018  |x ENG  |z N-US 
999 f f |s 6cb2b45d-2fed-344c-830c-56748ec2d502  |i c9247653-be8c-3ce9-b10e-8db1c5fa77ee  |t 0 
952 f f |a Texas A&M University  |b College Station  |c Electronic Resources  |d Available Online  |t 0  |e E423 .S73 1850  |h Library of Congress classification 
998 f f |a E423 .S73 1850  |t 0  |l Available Online